| 000 | 00000nam 2200000zi 4500 |
| 001 | 9.927424 |
| 003 | CaOODSP |
| 005 | 20231215102651 |
| 006 | m o d f |
| 007 | cr |n||||||||| |
| 008 | 230918e202310 onc ob f100 0 fre d |
| 020 | |a9780660679778 |
| 040 | |aCaOODSP|bfre|erda|cCaOODSP |
| 043 | |an-cn--- |
| 086 | 1 |aFs70-4/2023-039F-PDF |
| 245 | 00|aCompte rendu de l'examen par les pairs régional sur l'évaluation du stock de morue franche du nord du golfe du Saint-Laurent (3Pn, 4RS) du 23 et 24 février 2023, Mont-Joli, QC / |cprésidente : Caroline Senay, rapporteure : Sonia Dubé. |
| 264 | 1|aOttawa (Ontario) : |bSecrétariat canadien de consultation scientifique (SCCS), |coctobre 2023. |
| 264 | 4|c©2023 |
| 300 | |a1 ressource en ligne (iv, 14 pages). |
| 336 | |atexte|btxt|2rdacontent/fre |
| 337 | |ainformatique|bc|2rdamedia/fre |
| 338 | |aressource en ligne|bcr|2rdacarrier/fre |
| 490 | 1 |aCompte rendu, |x2292-4264 ; |v2023/039 |
| 500 | |aPublié aussi en anglais sous le titre : Proceedings of the regional peer review of the assessment of the northern Gulf of St. Lawrence (3Pn, 4RS) Atlantic cod stock, February 23-24, 2023, Mont-Joli, QC. |
| 504 | |aComprend des références bibliographiques. |
| 650 | 6|aMorue|xPêche commerciale|zSaint-Laurent, Golfe du|vCongrès. |
| 650 | 6|aRessources halieutiques|xÉvaluation|zSaint-Laurent, Golfe du|vCongrès. |
| 655 | 7|aActes de congrès|2rvmgf |
| 700 | 1 |aSenay, Caroline. |
| 710 | 2 |aSecrétariat canadien de consultation scientifique, |eorganisme de publication. |
| 710 | 1 |aCanada. |bMinistère des pêches et des océans. |bRégion du Québec, |eorganisme de publication. |
| 775 | 08|tProceedings of the regional peer review of the assessment of the northern Gulf of St. Lawrence (3Pn, 4RS) Atlantic cod stock, February 23-24, 2023, Mont-Joli, QC / |w(CaOODSP)9.927421 |
| 830 | #0|aCompte rendu (Secrétariat canadien de consultation scientifique)|v2023/039.|w(CaOODSP)9.502879 |
| 856 | 40|qPDF|s342 Ko|uhttps://publications.gc.ca/collections/collection_2023/mpo-dfo/fs70-4/Fs70-4-2023-039-fra.pdf |